Prima Lettera delle Città Messicane - Statistics

Statistiche generali
  • Questo quiz è stato fatto 39 volte
  • Il punteggio medio è 13 su 22
Statistiche sulle risposte
Hint Risposta % Corretto
_uenavista B
100%
_ittà del Messico C
100%
_eón L
100%
_an Luis Potosí S
100%
_ictoria de Durango V
100%
_uadalajara G
97%
_onterrey M
97%
_ijuana T
93%
_uebla de Zaragoza P
86%
_guascalientes A
72%
_ermosillo H
72%
_eynosa R
66%
_resnillo F
48%
_elicias D
28%
_iutepec J
28%
_apopan Z
28%
_axaca de Juárez O
21%
_catepec de Morelos E
17%
_alapa X
17%
_rapuato I
14%
_aucalpan de Juárez N
14%
_ruapan U
14%
Nessun quiz corrispondente trovato
Distribuzione punteggi
Percentuale di utenti per punteggio
Percentile per numero di risposta
I tuoi punteggi nel tempo
Non hai fatto questo quiz